000 00354nam a2200157Ia 4500
003 GCL
008 140319s9999 xx 000 0 eng d
040 _aGCL /
_cGCL
082 0 4 _aCH
_b780
_bU U
100 1 _aUSBORNE
245 1 0 _aPIANO /
_cUSBORNE
260 _a[S.N] :
_bUSBORNE ،
_c1993
650 0 4 _aCHILDREN
650 0 4 _aMUSIC
942 _2ddc
_cBK
999 _c12652
_d12652